| 000 | 00354pab a2200145 454500 | ||
|---|---|---|---|
| 008 | 180718b1990 xxu||||| |||| 00| 0 eng d | ||
| 100 | _aHurkat, P.C. | ||
| 245 | _aScientific basis of social attitudes towards the disabled | ||
| 260 | _c1990 | ||
| 300 | _a17-18 | ||
| 362 | _aMay | ||
| 650 | _aHandicapped | ||
| 773 | _aSocial Welfare | ||
| 909 | _a10061 | ||
| 999 |
_c10061 _d10061 |
||